El Principito (Registro nro. 28393)

Detalles MARC
000 -CABECERA
Longitud fija campo de control 00518nam a2200193 a 4500
003 - IDENTIFICADOR DELl NÚMERO DE CONTROL
Identificador del número de control OSt
005 - FECHA Y HORA DE LA ÚLTIMA TRANSACCIÓN
Fecha y hora de la última transacción 20170920145939.0
008 - CÓDIGOS DE INFORMACIÓN DE LONGITUD FIJA
Códigos de información de longitud fija 020226s1994
020 ## - NÚMERO INTERNACIONAL NORMALIZADO PARA LIBROS
Número Internacional Normalizado para Libros (ISBN) 950-04-2790-7
040 ## - FUENTE DE LA CATALOGACIÓN
Centro transcriptor BCRI
082 ## - NÚMERO DE LA CLASIFICACIÓN DECIMAL DEWEY
Númeroo de clasificación 843
100 1# - PUNTO DE ACCESO PRINCIPAL-NOMBRE DE PERSONA
Nombre de persona Saint-Exupéry, Antoine de
9 (RLIN) 29637
Fechas asociadas al nombre 1900-1944
245 13 - MENCIÓN DE TÍTULO
Título El Principito
Mención de responsabilidad, etc. Antoine de Saint-Exupery
250 ## - MENCIÓN DE EDICIÓN
Mención de edición 1a ed.
Resto de la mención de edición Edición de Lujo
260 ## - PUBLICACIÓN, DISTRIBUCIÓN, ETC. (PIE DE IMPRENTA)
Lugar de publicación, distribución, etc. Buenos Aires
Nombre del editor, distribuidor, etc. Emecé Editores
Fecha de publicación, distribución, etc. 2006
300 ## - DESCRIPCIÓN FÍSICA
Extensión 95 p.
Otras características físicas il.
Dimensiones 26 cm
650 #0 - PUNTO DE ACCESO ADICIONAL DE MATERIA - TÉRMINO DE MATERIA
9 (RLIN) 11443
Término de materia o nombre geográfico como elemento inicial Novela francesa
942 ## - ENTRADA DE ELEMENTOS AGREGADOS (KOHA)
Fuente de clasificaión o esquema Dewey Decimal Classification
Koha [por defecto] tipo de item 1- Monografias
Parte de clasificación prozim
Existencias
Suprimido Perdido Fuente de clasificación o esquema Estropeado Restricciones de uso No para préstamo Código de colección Localización permanente Localización actual Localización en estanter&íacute;as Fecha adquisición Fuente de adquisición Número de inventario Préstamos totales Renovaciones totales Signatura completa Código de barras Prestado Fecha última consulta Fecha último préstamo Fecha del precio de reemplazo Tipo de item de Koha
NULL NULL Dewey Decimal Classification NULL Prestable NULL NULL Biblioteca Centro Regional de Ilobasco Biblioteca Centro Regional de Ilobasco Sala Principal 10/04/2010 CRI LI003639 10 1 N SAI pri 1042489 03/06/2026 26/05/2026 26/05/2026 20/09/2017 1- Monografias